[Event "RUS-ch"]
[Site "Elista"]
[Date "1994.??.??"]
[Round "6"]
[White "Pushkov, Nikolai"]
[Black "Shcherbakov, Ruslan"]
[Result "0-1"]
[WhiteElo "2485"]
[BlackElo "2510"]
[Annotator "Ribli,Z"]
[PlyCount "58"]
[EventDate "1994.09.??"]
[EventType "swiss"]
[EventRounds "11"]
[EventCountry "RUS"]
[SourceTitle "CBM 044"]
[Source "ChessBase"]
[SourceDate "1995.02.01"]
[SourceVersion "1"]
[SourceVersionDate "1995.02.01"]
[SourceQuality "1"]

1. c4 e5 2. Nc3 Nf6 3. Nf3 Nc6 4. e3 Bb4 5. Qc2 Bxc3 6. Qxc3 Qe7 7. d3 $6 (7.
a3 $5) 7... d5 8. cxd5 Nxd5 9. Qc2 (9. Qb3 Qb4+ $1 10. Qxb4 Ndxb4 11. Kd1 Bf5
12. e4 Be6 $15 {Serper,G-Aseev,K/St Peterburg/1993/INF59,(38)/}) (9. Qd2 O-O
10. a3 a5 11. b3 Bg4 12. Be2 Rad8 $13) 9... Ndb4 $1 (9... O-O 10. a3 Bg4 $5 (
10... a5 11. b3 (11. Be2 $5 a4 12. b4 axb3 13. Qxb3 $13) 11... Bg4 12. Be2 Rad8
13. h3 Bh5 14. Bb2 f5 15. Nxe5 (15. O-O e4 $1 16. dxe4 fxe4 17. Ne5 Bxe2 18.
Nxc6 bxc6 19. Qxe2 Rd6 $36 {Chernin,A-Polgar,Zsu/Budapest zt-B/1993/CBM34/
INF57,29/}) 15... Nxe5 16. Bxh5 f4 17. e4 f3 18. g3 Qg5 19. Bg4 Nxg4 20. hxg4
Nf6 $44) 11. Be2 Rad8 $13 {Gurevich,D-Chernin,A/Beersheba/1993/CBM38/INF59,38/}
) 10. Qb1 (10. Qc3 Nd4 $1 $36) 10... Qc5 11. Kd1 Bf5 12. Bd2 Rd8 (12... O-O-O
$5) 13. Ne1 Qd5 14. f3 e4 $1 15. Qc1 (15. fxe4 Bxe4 16. Bxb4 Nxb4 17. Kd2 Qa5
$19) 15... exf3 16. gxf3 Nxd3 17. Bxd3 Bxd3 18. Nxd3 Qxf3+ $1 19. Kc2 Qe4 20.
Qf1 Ne5 21. Bc3 Nxd3 22. Bxg7 Ne5+ 23. Kc1 Qxe3+ 24. Kb1 Qe4+ 25. Kc1 Qe3+ 26.
Kb1 Qe4+ 27. Kc1 Nd3+ 28. Kc2 Rg8 $1 29. Bc3 (29. Rg1 Rxg7 30. Rxg7 Nb4+ 31.
Kb3 Rd3+ 32. Ka4 Nc6+ 33. Kb5 Rd5#) 29... Rg2+ (29... Rg2+ 30. Kb3 Nc5+ 31. Ka3
Qa4#) 0-1

[Event "New York op"]
[Site "New York"]
[Date "1998.03.19"]
[Round "6"]
[White "Gurevich, Mikhail"]
[Black "Onischuk, Alexander"]
[Result "1/2-1/2"]
[WhiteElo "2635"]
[BlackElo "2610"]
[Annotator "Ribli,Z"]
[PlyCount "105"]
[EventDate "1998.03.16"]
[EventType "swiss"]
[EventRounds "9"]
[EventCountry "USA"]
[SourceTitle "CBM 064"]
[Source "ChessBase"]
[SourceDate "1998.06.02"]
[SourceVersion "1"]
[SourceVersionDate "1998.06.02"]
[SourceQuality "1"]

1. c4 {Gurevich,M} Nf6 2. Nc3 e5 3. Nf3 Nc6 4. a3 {Dieser Zug ist in letzter
Zeit recht populär. Weiß vermeidet die Varianten mit ...Bb4 und möchte eine
Sizilianische Verteidigung mit Mehrtempo spielen. Ribli.} d6 (4... g6) (4... d5
) (4... Be7) (4... e4 5. Ng5 Qe7 6. d3 $14 {Mit vertauschten Farben wäre 6.Qc2
gut, aber jetzt kann Schwarz "dank" des weißen Mehrtempos (a3) 6...Nd4 nebst ..
.Nb3 spielen.} (6. f3 $5)) 5. e3 g6 6. d3 (6. b4 $5) (6. d4 exd4 (6... e4 7.
Nd2 Bf5 8. Qc2 $14) 7. exd4 Bg4) (6. b4 {Gurevich,M} Bg7 7. Bb2 O-O 8. d3 Re8
9. Nd2 a5 10. b5 Nb8 11. Be2 Nbd7 12. Bf3 Nc5 13. Nde4 Nfxe4 14. Nxe4 Ne6 15.
a4 f5 16. Nc3 Nc5 17. O-O e4 $132 {1-0 Poluljahov,A-Ibragimov,I/Kstovo Russia
Cup (7) 1997 (49)}) 6... Bg7 7. Be2 O-O 8. Qc2 (8. O-O Re8 (8... a5 9. Rb1 Bf5
10. Qc2 Qe8 11. Ng5 a4 12. Nge4 Ne7 13. Nxf6+ Bxf6 14. Bf3 Bc8 15. Bd2 Bg7 16.
Rbc1 g5 17. Nd5 g4 18. Be2 Nxd5 19. cxd5 Qb5 20. Bb4 Qxd5 21. Qxc7 {1-0 Franco,
Z-Needleman,A/ARG-ch 1992 (28)}) 9. Qc2 Bf5 10. Nd2 a6 11. Rb1 h5 12. b4 Nh7
13. Nd5 Be6 14. a4 {Gurevich,M-Karpov,A/EUCup f 1993/CBM 39/[Gurevich,M]/1/2-1/
2 (51)}) 8... d5 {N} 9. cxd5 Nxd5 10. O-O {Wir haben eigentlich eine Stellung
aus der Scheveninger Variante der Sizilianischen Verteidigung mit zwei
Mehrtempi für Weiß. Schwarz hat 4...d6 und 8...d5 gespielt und Weiß hatte den
Anzugsvorteil, aber die schwarze Stellung mit g6/Bg7 ist sicher.} a5 11. Rb1 {
Weiß räumt die lange Diagonale.} Re8 12. Rd1 (12. Nxd5 $5 {Gurevich,M} Qxd5 13.
b3) 12... Be6 13. Ne4 {[%csl Yc5]} Qe7 14. b3 {Weiß spielt eine flexible, aber
etwas passive Igelstellung. Schwarz verfügt über gute Ausgleichschancen.} (14.
Nc5 Bc8 15. b3 b6 16. Ne4 Bb7 $11) 14... Rad8 $11 15. Bb2 f5 (15... Bc8 $5) 16.
Neg5 (16. Nc5 Bc8 {Und Schwarz spielt 17...b6 nebst 18...Bb7 mit gleicher
Stellung.}) 16... Bc8 17. e4 {Dieser Zug schwächt den Punkt d4, aber sonst
bekommt der Springer g5 Probleme.} Nf4 18. Qc4+ Be6 $5 (18... Ne6 19. Nxe6 (19.
exf5 gxf5 20. Qh4 (20. Re1 $13 {Gurevich,M}) 20... h6 21. Nxe6 Qxh4 22. Nxh4
Bxe6 $15) (19. b4 axb4 (19... h6 20. Nxe6 Bxe6 21. Qb5 $13) 20. axb4 Qxb4 21.
Qxb4 Nxb4 22. Bxe5 Bxe5 23. Rxb4 Nf4 24. Bf1 Bd6 $15) 19... Bxe6 20. Qb5 Bc8
$11) 19. Nxe6 Qxe6 (19... Nxe2+ {Gurevich,M} 20. Kf1 Qxe6 21. Kxe2 Qxc4 22.
bxc4 $14) 20. Bf1 Qxc4 21. dxc4 $15 {[%csl Yd4,Rf1] Weiß besitzt das
Läuferpaar, aber der weißfeldrige Läufer spielt noch nicht mit und der Punkt
d4 ist schwach.} (21. bxc4 {Gurevich,M} Ne6 22. exf5 gxf5 23. Re1 Nc5 $15)
21... Ne6 {[%csl Yd4]} (21... fxe4 {Gurevich,M} 22. Ng5 Nd3 (22... Nd4 23. Nxe4
Nxb3 24. g3 Ne6 25. Rxd8 Rxd8 26. Bxe5 $11) 23. Bc3 Nc5 24. b4 axb4 25. axb4 h6
26. bxc5 Rxd1 27. Rxd1 hxg5 28. Rb1 Rb8 29. Re1 $11) 22. exf5 gxf5 23. Rd5 Nf4
(23... Rxd5 $4 24. cxd5 $18) (23... b6 $2 {Gurevich,M} 24. Nxe5 Nxe5 25. Bxe5
Rxd5 26. cxd5 Bxe5 27. dxe6 $16) 24. Rxd8 Rxd8 {[%csl Gd8][%cal Gd8d1]} 25. Nh4
Ne7 26. Bc3 (26. g3 Nfg6 (26... Nd3 27. Rd1 e4 28. Bxg7 Kxg7 29. f3 $14 {
[%cal Gd1d8]})) 26... b6 27. g3 (27. b4 {Gurevich,M} axb4 28. axb4 e4 $15)
27... Nfg6 28. Nxg6 hxg6 29. c5 {[%cal Gf1c4,Gc4g8] Weiß öffnet die Stellung
für seinen Läufer.} (29. f3 {Gurevich,M} Nc6 30. Kf2 $11) 29... e4 30. Be1 $5 (
30. Bxg7 Kxg7 $15 {[%csl Yd2][%cal Gd8d2,Gd2h2,Gd2a2,Gg7f6,Gf6e5]} (30... Kxg7
{Gurevich,M} 31. cxb6 cxb6 32. b4 $11)) 30... Nc6 {[%cal Gc6d4,Gd4f3,Gc6e5,
Ge5f3]} (30... bxc5 31. Bxa5 Ra8 32. Bxc7 Rxa3 33. Bd6 $14) 31. cxb6 cxb6 32.
Kg2 Ne5 {[%csl Re1,Rf1][%cal Ge5d3,Ge5f3,Gd8d1] Schwarz hat eine aktive
Springerstellung auf e5 und das weiße Läuferpaar spielt noch keine aktive
Rolle. Noch gibt es allerdings auch keine Einbruchsfelder für Schwarz in der
d-Linie.} 33. b4 a4 $5 (33... axb4 34. Bxb4 $11 (34. Bxb4 {Gurevich,M} Nd3 35.
Be7 $11)) 34. Bb5 Nf3 35. Bxa4 Rd3 $44 {Das aktive schwarze Figurenspiel
kompensiert den Minusbauern.} (35... Nxe1+ 36. Rxe1 Rd2 37. Rd1 $11 Ra2 $4 38.
Bb3+ $18 {[%cal Rb3a2,Rb3g8]}) 36. Be8 (36. Bb3+ Kf8 $15) 36... Kh7 37. a4 Bd4
{[%csl Gd3,Gd4,Gf3]} 38. Bb5 (38. a5 {Gurevich,M} Nxe1+ 39. Rxe1 bxa5 40. bxa5
Rd2 $15) 38... Ra3 39. Be2 Nxe1+ 40. Rxe1 Rxa4 {Schwarz hat das materielle
Gleichgewicht wiederhergestellt und entfaltet Initiative. Die Anwesenheit der
ungleichfarbigen Läufer bietet dem Weißen jedoch gute Remischancen.} 41. b5 (
41. Rb1 Ra2 42. Kf1 $15) 41... Ra2 {[%cal Ga2h2]} (41... g5 {Gurevich,M} 42.
Rd1 Bc5 43. Rd2 $11) 42. h4 $1 {Weiß verhindert weiteren schwarzen Raumgewinn
durch 42...g5.} (42. Kf1 {Gurevich,M} g5 43. Rd1 Bc5 $15) 42... Bc3 (42... e3 {
Gurevich,M} 43. fxe3 Bc3 44. Rc1 Rxe2+ 45. Kf3 $11) 43. Rc1 Rxe2 (43... Bb4 44.
Kf1 $15) (43... Bd4 {Gurevich,M} 44. Kf1 $11) 44. Rxc3 Rb2 {[%csl Rb5]} 45. g4
$1 {Weiß kann seinen b5-Bauern nicht halten, aber das reduzierte Material
bietet ihm ausgezeichnete Remischancen.} Rxb5 (45... fxg4 46. Kg3 $11) 46. Rc6
fxg4 (46... Kh6 47. gxf5 {[%cal Gc6h6]} Rxf5 48. Rxb6 $11) (46... Rb2 {
Gurevich,M} 47. Kg3 b5 (47... Rb3+ 48. Kf4 Rf3+ 49. Kg5 Rxf2 50. Rc7+ Kg8 51.
Kxg6 fxg4 52. h5 g3 53. h6 Rf8 54. Rg7+ $11) 48. gxf5 gxf5 49. Rf6 $11) 47. Kg3
Rb4 (47... Rb2 {Gurevich,M} 48. Kxg4 Rxf2 49. Rxb6 e3 50. Re6 e2 51. Kg3 $11)
48. Kxg4 $11 e3+ (48... b5 49. Rb6 $11 (49. Kg5 $11)) 49. Kf3 exf2 50. Kxf2 Kh6
(50... Rxh4 51. Rxb6 $11 {Das ist eine bekannte theoretische Remisstellung.})
51. Kg3 Kh5 (51... Rb3+ 52. Kg4 b5 53. Rb6 $11 b4 54. h5 {[%cal Gb6h6]}) 52.
Rd6 Rb3+ 53. Kg2 {Und hier wurde Remis gegeben, denn Schwarz kann nicht
vorankommen.} (53. Kg2 Kxh4 (53... b5 54. Rb6 b4 55. Kf2 Rb2+ (55... Rb1 {
Gurevich,M} 56. Kg2 $11) 56. Kg3 b3 57. Rb5+ $11) 54. Rxg6 $11) 1/2-1/2

[Event "Mondariz zt 1.1"]
[Site "Mondariz"]
[Date "2000.09.13"]
[Round "10"]
[White "Dorfman, Josif D"]
[Black "Vallejo Pons, Francisco"]
[Result "1-0"]
[WhiteElo "2600"]
[BlackElo "2554"]
[Annotator "Ribli,Z"]
[PlyCount "105"]
[EventDate "2000.09.03"]
[EventType "swiss"]
[EventRounds "11"]
[EventCountry "ESP"]
[SourceTitle "CBM 079"]
[Source "ChessBase"]
[SourceDate "2000.11.21"]
[SourceVersion "1"]
[SourceVersionDate "2000.11.21"]
[SourceQuality "1"]

1. c4 e5 2. Nc3 Nf6 3. Nf3 Nc6 4. e3 {Dieser Zug wird viel seltener gespielt
als die Hauptfortsetzung 4.g3.} Bb4 (4... Be7) 5. Qc2 d6 {Mit dieser, ein
wenig bescheidenen Fortsetzung umgeht Schwarz die Hauptvarianten.} (5... O-O) (
5... Qe7) 6. d3 O-O (6... Qe7 7. Bd2 a5 8. Be2 O-O 9. O-O h6 10. a3 Bxc3 11.
Bxc3 a4 12. b4 axb3 13. Qxb3 Nd7 {1/2-1/2 Langeweg,K-Timman,J/Wijk aan Zee
1974/MCD (24)}) (6... Bg4 7. Be2 Bxc3+ (7... O-O 8. a3 Bxc3+ 9. Qxc3 a5 10. b3
e4 11. dxe4 Nxe4 12. Qc2 f5 13. Bb2 Qe7 14. h3 Bh5 15. Bd3 Rae8 16. O-O-O {
1-0 Haag,M-Fercec,N/Arco 1999/EXT 2000 (53)}) 8. Qxc3 Qd7 9. h3 (9. b4 O-O 10.
h3 Bxf3 11. Bxf3 Rfe8 12. Bb2 d5 13. b5 Nd4 14. O-O-O Nxf3 15. gxf3 Rad8 16. f4
{1/2-1/2 Morrison,G-Plaskett,J/Graz 1978/MCD (16)}) 9... Bh5 10. g4 Bg6 11. e4
a5 12. Be3 b6 13. Nh4 Qe7 14. g5 Nh5 15. Bxh5 Bxh5 16. Nf5 Qf8 17. f4 {1-0
Kortschnoj,V-Timman,J/Leeuwarden 1977/EXT 98 (37)}) 7. Bd2 Re8 (7... a5 8. Be2
Re8 9. O-O Bf5 10. Ng5 Bxc3 11. Bxc3 d5 12. cxd5 Nxd5 13. Ne4 Ndb4 14. Qb1 Qe7
15. Rc1 {1-0 Eising,J-Enklaar,B/Amsterdam 1975/MCL (58)}) 8. Be2 Bf5 {Schwarz
bereitet den Durchbruch e5-e4 vor.} 9. a3 (9. O-O e4 10. dxe4 Nxe4 11. Nxe4
Bxe4 12. Qd1 Bxd2 13. Nxd2 Qg5 14. Nxe4 Rxe4 15. b3 Rae8 16. Bf3 Rh4 17. g3 Rh6
18. Bg2 {1/2-1/2 Raupp,T-Sutterer,R/Schonach 1979/EXT 98 (18)}) (9. e4 $6 Bg4 {
[%csl Yd4]}) 9... Bxc3 10. Bxc3 e4 (10... d5 11. cxd5 Nxd5 $11) 11. Nd2 $5 (11.
dxe4 Nxe4 $11) 11... d5 (11... exd3 12. Bxd3 Bxd3 13. Qxd3 Ne5 14. Qc2 $14 {
Weiß hat leichten Vorteil - der Bc3 ist eine starke Figur, doch Schwarz hat
keine Schwächen und etwas Raumvorteil.}) 12. Bxf6 (12. d4 $14) (12. cxd5 exd3
13. Bxd3 Bxd3 14. Qxd3 Nxd5 $11) 12... Qxf6 13. cxd5 (13. dxe4 $6 dxe4 14. O-O
Qg6 $15 {[%csl Ge4][%cal Gc6e5,Ge5d3] Schwarz übt spürbar positionellen Druck
aus.}) {[#]} 13... Nd4 {[%mdl 64] Dieser Zug sieht schön aus, ist aber nicht
die beste Fortsetzung für Schwarz.} (13... exd3 $5 14. Bxd3 Bxd3 15. Qxd3 Qxb2
16. Rb1 (16. O-O Ne5 17. Qe2 Rad8) 16... Ne5 $13) 14. Qc3 $1 {[%cal Gc3f6] Das
ist mit Abstand die beste Antwort - anschließend kann Weiß die Damen tauschen.}
(14. Qc4 Nxe2 15. dxe4 Bxe4 (15... Qxb2 16. Rb1 Qxa3 17. Kxe2 $13) (15... Rxe4
16. Nxe4 Qxb2 17. Rd1 Bxe4 18. Qxe2 Qxa3 19. O-O Qc5 $14) 16. Kxe2 (16. Nxe4
Qxb2 $17) 16... Bxg2 $15) (14. exd4 $2 exd3 $19 {[%cal Rd3c2,Re8e1]}) 14...
exd3 15. Bxd3 Nf3+ (15... Bxd3 16. Qxd3 Rad8 17. O-O $16) 16. Nxf3 Qxc3+ 17.
bxc3 Bxd3 18. O-O-O $14 {Weiß hat einen Mehrbauern, doch seine Bauern am
Damenflügel sind schwach.} Be4 19. Rd2 (19. Rd4) (19. d6 cxd6 20. Rxd6 Rac8 $14
) 19... Rad8 20. Rhd1 Rd6 {[%cal Ge8d8,Gd8d1]} 21. Ne1 $1 {Weiß bereitet die
Verstärkung des Zentrums durch f3-e4 vor.} g5 (21... f6 $14) 22. c4 (22. f3 Bg6
23. e4 f5) 22... c6 23. f3 (23. dxc6 Rxc6 24. Rd4 b5 $132) 23... Bg6 24. e4 {
[%csl Gc4,Gd5,Ge4] Weiß hat ein starkes Bauernzentrum aufgebaut, aber Schwarz
kann es sprengen.} f5 $1 25. exf5 Bxf5 26. Nc2 {[%cal Gc2d4]} (26. dxc6 Rxc6
27. Rd4 Re2 $11) 26... Kf7 {Dieser Zug ist nicht sehr logisch - Weiß kann die
Stellung seines Springers jetzt mit Tempo verbessern.} (26... Bg6 $14) 27. Nd4
Bg6 28. dxc6 bxc6 29. Nb3 (29. Kb2) 29... Rxd2 30. Rxd2 Re1+ 31. Kb2 $16 {
[%mdl 4096] Schließlich hat Weiß einen gesunden Mehrbauern.} Kf6 32. Kc3 Rh1
33. h3 Ke5 {Schwarz hat aufgrund des aktiven Figurenspiels Remischancen.} 34.
Nd4 c5 (34... Kd6) 35. Nb3 Kf4 36. Nxc5 {Nun hat Weiß schon zwei Bauern mehr
und sehr gute Gewinnchancen.} Ke3 37. Ne4 $1 {Weiß gibt einen Bauern zurück,
doch dafür wird sein Pc4 sehr stark.} Rc1+ (37... Bxe4 38. fxe4 Kxe4 39. c5 $16
(39. Re2+ Kf5 40. Re7 $16)) 38. Rc2 Rb1 (38... Rxc2+ 39. Kxc2 $18) 39. Rb2 Rc1+
(39... Bxe4 40. fxe4 Re1 (40... Rxb2 41. Kxb2 Kxe4 42. Kc3 $18) 41. e5 $18) 40.
Kb4 Bxe4 41. fxe4 Kxe4 42. Rd2 $1 {[%csl Re4][%cal Gd2d8] Dieser Zug ist sehr
wichtig (und typisch für Turmendspiele). Jetzt ist der schwarze König
abgeschnitten, und der weiße c-Bauer kann vorrücken.} h5 43. Rd5 {[%csl Rg5,
Rh5][%cal Rd5h5]} Kf4 44. c5 {[%csl Gc5]} Rb1+ (44... Rg1 45. c6 Rxg2 46. c7
Rc2 47. Rc5 $18) 45. Kc4 g4 (45... Rc1+ 46. Kb5) 46. hxg4 hxg4 47. Rd3 $1 $18 {
[%cal Gd3c3]} Ke5 48. Re3+ Kf4 (48... Kf6 49. c6 $18) 49. Rb3 Rd1 (49... Rc1+
50. Rc3) 50. g3+ Ke4 51. c6 Rd6 52. Kb5 (52. Kc5 Rd5+) 52... Rd5+ 53. Ka6 {
[%csl Ga6,Gc6][%cal Rc6c7]} 1-0

[Event "Cutro 07th"]
[Site "Cutro"]
[Date "2001.04.01"]
[Round "10"]
[White "Borgo, Giulio"]
[Black "Drasko, Milan"]
[Result "0-1"]
[WhiteElo "2408"]
[BlackElo "2521"]
[Annotator "Ribli,Z"]
[PlyCount "112"]
[EventDate "2001.04.22"]
[EventType "tourn"]
[EventRounds "10"]
[EventCountry "ITA"]
[EventCategory "9"]
[SourceTitle "CBM 083"]
[Source "ChessBase"]
[SourceDate "2001.07.05"]
[SourceVersion "1"]
[SourceVersionDate "2001.07.05"]
[SourceQuality "1"]

1. c4 e5 2. Nc3 Nc6 3. Nf3 Nf6 4. e3 {Dieser Zug wird heutzutage selten
gespielt. Meiner Meinung nach bietet er Weiß keine Aussichten auf
Eröffnungsvorteil.} Be7 {Dieser einfache zug ist nicht schlecht, aber 4...Bb4
erhält meist den Vorzug.} (4... Bb4 $5) 5. d4 (5. a3 O-O 6. b4 d5 7. cxd5 Nxd5
$11 {Das wäre eine für die Sizilianische Verteidigung (Paulsen Variante mit
vertauschten Farben) typische Stellung.}) 5... exd4 6. Nxd4 (6. exd4 d5 $11)
6... Nxd4 (6... O-O 7. Be2 d5 8. cxd5 (8. Nxd5 Nxd5 9. cxd5 Qxd5 10. Bf3 Qc4
11. b3 {1/2-1/2 Chernin,A-Shmuter,L/Rishon le Zion 1994}) 8... Nb4 9. O-O (9.
Bf3 Nbxd5 10. Nxd5 Nxd5 11. O-O Bf6 12. Qb3 Nb6 13. Rd1 {1/2-1/2 Miles,
A-Timman,J/Bled/Portoroz 1979 (19)}) 9... Nbxd5 10. Nxd5 Qxd5 11. Bd2 a6 12.
Bf3 Qe5 13. Bc3 Bd6 14. g3 Ne4 15. Ne2 Nxc3 16. Nxc3 Rb8 17. Bg4 Bf5 18. Bxf5
Qxf5 19. Qb1 Qh3 20. Rd1 {1/2-1/2 Verweij,M-Kalinin,M/NLD-ch op 1994 (42)}) 7.
Qxd4 b6 $5 {Eine logische Zugfolge. Im Falle von 7..0-0 8.Be2 kann Schwarz
seinen Läufer nicht mehr nach b7 entwickeln.} (7... O-O 8. Be2 d6 9. O-O Be6
10. e4 Nd7 11. b3 Bf6 12. Qd2 Bxc3 13. Qxc3 Qf6 14. Bb2 {1-0 Linqvist,
G-Rantanen,T/Naantali 1998/EXT 2000 (48)}) (7... d6 8. b3 c6 9. Bb2 Qa5 10. Be2
O-O 11. O-O Be6 12. e4 Rfd8 13. Bf3 {1-0 Suba,M-Prandstetter,E/Decin 1977/MCD 
(28)}) 8. Be2 Bb7 9. e4 {Weiß hat ein starkes Bauernzentrum, seine Dame steht
jedoch exponiert auf d4. Zudem hat er durch 4.e3 und 9.e4 schon ein Tempo
verloren.} (9. O-O O-O 10. b3 Re8 11. Bb2 Bd6 12. Rad1 Re5 13. Qh4 g5 14. Qh6
Bf8 15. Qh3 g4 16. Qg3 Bd6 17. f4 Re6 18. Nd5 {1-0 Velikov,P-Birnboim,N/Skara
1980/EU-chT (29)}) 9... O-O (9... d6 10. O-O O-O 11. Be3 Re8 12. Rad1 Bf8 13.
f3 Nd7 14. Nd5 a5 15. b3 Nc5 16. Qd2 {1-0 Cafferty,B-Doehner,H/Grieskirchen
1998/CBM 67 ext (46)}) 10. Qd3 $6 (10. O-O Bc5 11. Qd3 Re8 $11) 10... Bb4 {
Schwarz hat großen Entwicklungsvorsprung. Außerdem ist der weiße Pe4 schwach.}
11. f3 b5 $5 {[%mdl 64] Schwarz opfert einen Bauern für Aktivität.} 12. cxb5 {
Ich bezweifle, dass das Schlagen des Bauern die beste Fortsetzung für Weiß ist.
} (12. O-O $5 bxc4 (12... Bc5+ 13. Kh1 b4 14. Na4 $36 (14. Nd5 Nxd5 15. cxd5
$11)) 13. Qxc4 Ba5 14. Bg5 $11) 12... d5 $13 13. Bd2 (13. e5 d4 14. a3 $13) (
13. exd5 Nxd5 14. Bd2 Re8 $44) 13... Qe7 {[%cal Ge7e1]} (13... dxe4 14. Qxd8 (
14. Nxe4 Bxd2+ (14... Nxe4 15. Qxd8 (15. Bxb4 Qh4+ 16. g3 Nxg3 {[%cal Rh4b4]}
17. Be7 Qh5 $17) 15... Bxd2+ (15... Rfxd8 16. Bxb4 $16) 16. Qxd2 Nxd2 17. Kxd2
$14) 15. Nxd2 Qe7 $44) 14... Raxd8 15. Nxe4 Bxd2+ 16. Nxd2 $14) 14. e5 $6 {
Weiß gibt den Bauern zurück. Dadurch aber bekommt Schwarz mindestens gleiches
Spiel.} (14. exd5 Rad8 $44 (14... Rfe8 $44)) 14... Qxe5 15. Be3 {[%cal Ge3d4]
Weiß verhindert das drohende 15...d4 und möchte selbst 16.Bd4 spielen.} Rfe8
$15 {[%cal Ge8e1] Schwarz hat das aktivere Figurenspiel, der weiße König steht
in der Mitte.} (15... a6 $5 $15) 16. Bd4 Qg5 {[%csl Gg5][%cal Gg5g2]} 17. g3 (
17. O-O $2 Nh5 $1 $19 {[%cal Gh5f4] Weiß hat keine Verteidigung gegen 18...Nf4.
}) 17... Nd7 {Schwarz bereitet das Manöver Nc5 - Ne6 vor.} (17... a6 $5 $15)
18. Qd2 Qe7 (18... Qxd2+ 19. Kxd2 Bc5 20. Bxc5 Nxc5 $15 {[%cal Gd5d4]}) (18...
Ne5 19. O-O-O (19. Qxg5 $2 Nxf3+ $17) 19... Qxd2+ 20. Rxd2 c5 21. bxc6 Nxc6 22.
Bb5 $11) 19. a3 Bxc3 (19... Bc5 20. O-O Bxd4+ 21. Qxd4 Nf8 $15) 20. bxc3 (20.
Bxc3 $2 d4 21. Bxd4 (21. Bb4 Qxe2+ 22. Qxe2 Bxf3 $17) 21... Bxf3 $19) 20... Nc5
{[%cal Rc5b3,Rb3a1,Rb3d2]} 21. Ra2 $6 (21. Bxc5 Qxc5 $17 {[%csl Gc5,Re1]}) (21.
Rb1 $15) 21... Nb3 22. Qd1 Nxd4 23. Qxd4 (23. cxd4 Qe3 $17) 23... a6 $1 {
Schwarz öffnet die a-Linie und nimmt damit den Pa3 ins Visier.} 24. O-O (24.
Kf2 axb5 25. Bxb5 c6 $17) 24... axb5 25. Bxb5 c6 26. Bd3 (26. Be2 Rxa3 $17)
26... c5 {Dieser Zug liegt zwar auf der Hand, aber ich bin mir nicht sicher,
ob es die beste Fortsetzung für Schwarz ist.} (26... Rxa3 $5 $17) 27. Qf2 c4 {
Dieser Zug gewinnt zwar einen Bauern, überlässt Weiß aber das Feld d4.} 28. Bc2
Rxa3 29. Rxa3 Qxa3 $17 {Schwarz hat nun einen Mehrbauern. Die Realisierung des
Vorteils ist nicht leicht, aber Weiß hat kein Gegenspiel.} 30. Qd4 (30. Re1 $5
Rxe1+ 31. Qxe1 Bc6 $17) 30... Qe7 {[%cal Ge8e1] Schwarz kontrolliert die
wichtige e-Linie.} 31. Rd1 Qe2 32. Ba4 Re7 (32... Re6 $17) 33. Rf1 h6 (33...
Qd3 $5) 34. Rf2 Qe1+ 35. Kg2 (35. Rf1 Qe3+ 36. Qxe3 Rxe3 37. Rb1 $1 {[%csl Rb7]
} Re7 38. Kf2 $17) 35... Re2 36. Rxe2 Qxe2+ 37. Kg1 $2 {[%mdl 8192]} (37. Qf2
$142 Qd3 (37... Qxf2+ 38. Kxf2 Kf8 39. Ke3 Ke7 40. Kd4 Kd6 $15 {Schwarz hat
zwar einen Bauern mehr, aber der weiße König steht so aktiv auf d4, dass er
seine Stellung retten kann.}) 38. Qb6 $132 {[%csl Rb7]}) 37... Qxf3 {Schwarz
hat zwei Mehrbauern und ausgezeichnete Gewinnchancen.} 38. Bd1 (38. Qb6 d4 $19)
38... Qd3 $2 {Dieser natürlich wirkende Zug ist nicht gut. Ein Läuferendspiel
mit zwei Mehrbauern ist zwar gewöhnlich gewonnen, aber hier ist es nur ein
Doppelbauer, und der Bb7 steht passiv.} (38... Qf5 $142 $19) 39. Qxd3 cxd3 40.
Kf2 $2 (40. Bf3 $2 d4 $1 $19) (40. Bb3 $1 Ba6 41. Bxd5 $11) 40... Ba6 $1 {
[%cal Ga6c4]} 41. Ke3 Bc4 {Alles ist verteidigt - nun kann Schwarz seine
Bauern am Königsflügel mobilisieren.} 42. Bg4 g6 43. Kd4 Kg7 44. Bd1 (44. Ke5
Bb3 $19 {[%cal Rd3d2,Rd2d1]}) 44... Kf6 45. Bg4 Ke7 46. Bd1 Ke6 47. Bg4+ f5 48.
Bf3 g5 {Die schwarze Bauernmasse führt die Entscheidung herbei.} 49. Ke3 Ke5
50. Bd1 f4+ $19 51. gxf4+ gxf4+ 52. Kf3 Bb5 53. Bb3 Be8 {[%cal Re8h5,Rh5d1]
Das Erscheinen des Läufers auf h5 gewinnt sofort.} 54. Kf2 Bh5 55. Ke1 Ke4 56.
Kd2 f3 0-1